00418nam a2200157Ia 4500003000400000008004100004040001600045082001300061100002100074245004100095260005200136300001000188490002500198650001500223650002200238GCL140319s9999 xx 000 0 eng d aGCL / cGCL04a843bA C1 aDAUDET, ALPHONSE10aCONTES DU LUNDI / cDAUDET, ALPHONSE a[S.N] : bLIBRAIRE GENERALE FRANCAISE ، c1983 a316 P aLE LIVRE DE POCHEv004aLITERATURE04aFRENCH LITERATURE